En una silla de ruedas

Na minha lista:
Detalhes bibliográficos
Autor principal: Lyra, Carmen
Formato: Livro
Idioma:Undetermined
Publicado em: San José, Costa Rica Editorial Costa Rica 1986
Assuntos:
Tags: Adicionar Tag
Sem tags, seja o primeiro a adicionar uma tag!

MARC

LEADER 00000nam a2200000Ia 4500
008 170316s9999 xx 000 0 und d
040 |a cru BVZT 
090 |a 868 L-10e 
100 |a Lyra, Carmen 
245 |a En una silla de ruedas 
260 |a San José, Costa Rica 
260 |b Editorial Costa Rica 
260 |c 1986 
300 |a 200 páginas 
650 |a LITERATURA COSTARRICENSE 
650 |a NOVELA 
999 |c 11246  |d 11246 
942 |c 15 D  |h 868 L-10e  |2 z